| 000 | 00759nam a2200253Ia 4500 | ||
|---|---|---|---|
| 003 | OSt | ||
| 005 | 20220925211331.0 | ||
| 006 | a|||||r|||| 00| 0 | ||
| 007 | ta | ||
| 008 | 220923b |||||||| |||| 00| 0 eng d | ||
| 037 | _cGeneral Book | ||
| 040 |
_aRTL _cRTL _beng |
||
| 041 |
_2eng _aeng |
||
| 082 | _aX 723.44Q747.N1t4, D | ||
| 110 | _aBombay | ||
| 245 | 0 | _aPapers relating to the revision survey settlement, | |
| 260 |
_aKarachi _bCommissioner-in-Sind's Press _c1909 |
||
| 300 |
_a186p. _ccm. |
||
| 490 | _aSelections from the records of the Bombay Government, new series, 467, 468. | ||
| 650 | _aLand Taxation | ||
| 700 | _aBombay | ||
| 942 |
_hX 723.44Q747.N1t4, D _cGB _2CC |
||
| 999 |
_c557388 _d557388 |
||